000 00397nam a2200157Ia 4500
003 OSt
005 20240127121927.0
008 170524s9999 xx 000 0 und d
020 _a978-8190749640
040 _cIIMT UNIVERSITY
100 _aBhatnagar- Bhawna
245 0 _aEnterprenership Development & Small Business Management
260 _bN. Delhi : Vayu
260 _c2009
942 _2ddc
_c02
999 _c6316
_d6316